00512nam a2200157Ia 4500008004100000020001400041100001800055245002900073250001500102260004000117300001400157650002900171650001900200999001900219952011600238180705s9999 xx 000 0 und d a971084526 aPerry, Marvin 2aA history of the world / aRevised ed aNew York:bNational bookstorec1988 a912 pages aHistory -- world history aWorld history. c358146d358146 00102lcc40aAbAcNULLd2018-07-05eDONATIONl0oD 21 .P462 1988pC21549r2018-07-05 00:00:00w2018-07-05yBK